000 00311nam a22001337a 4500
008 170906b xxu||||| |||| 00| 0 eng d
020 _a9780132414074
041 _aeng
080 _26TH
_a72
100 _a41
101 _aARK
245 _aPRACTICAL RESEARCH PLANNING AND DESIGN
_cLEEDY,P.D
942 _2udc
_cBK
999 _c26274
_d26274